000
00200nam a2200109Ia 4500
100
_a
#N/A
942
_c
BK
654
_a
edumorphix
245
_a
Edumorphix
260
_b
#N/A
_c
2005
546
_a
ENGLISH
999
_c
24437
_d
24437